Giáo trình pháp luật đại cương
TM tài liệu tham khảo tr. 396 - 397; Gồm7 chương xoay quanh: Một số vấn đề cơ bản lý luận nhà nước pháp luật, bộ máy nhà nước XHCN Việt Nam; những vấn đề có tính chất cơ bản, khái quát nhất về hệ thống pháp luật của nhà nước ta; nộ...
Đã lưu trong:
| 主要作者: | |
|---|---|
| 其他作者: | |
| 格式: | 圖書 |
| 語言: | Undetermined |
| 出版: |
H.
Kinh tế quốc dân
2012
|
| 主題: | |
| 在線閱讀: | http://lrc.tdmu.edu.vn/opac/search/detail.asp?aID=2&ID=17663 |
| 標簽: |
添加標簽
沒有標簽, 成為第一個標記此記錄!
|
| Thư viện lưu trữ: | Trung tâm Học liệu Trường Đại học Thủ Dầu Một |
|---|
| LEADER | 01439nam a2200217Ia 4500 | ||
|---|---|---|---|
| 001 | TDMU_17663 | ||
| 008 | 210410s9999 xx 000 0 und d | ||
| 082 | |a 340 | ||
| 090 | |b NG527 | ||
| 100 | |a Nguyễn, Hợp Toàn | ||
| 245 | 0 | |a Giáo trình pháp luật đại cương | |
| 245 | 0 | |c Nguyễn Hợp Toàn | |
| 260 | |a H. | ||
| 260 | |b Kinh tế quốc dân | ||
| 260 | |c 2012 | ||
| 300 | |a 397tr. | ||
| 520 | |a TM tài liệu tham khảo tr. 396 - 397; Gồm7 chương xoay quanh: Một số vấn đề cơ bản lý luận nhà nước pháp luật, bộ máy nhà nước XHCN Việt Nam; những vấn đề có tính chất cơ bản, khái quát nhất về hệ thống pháp luật của nhà nước ta; nội dung chủ yếu của 3 ngành luật có vị trí nền tảng trong hệ thống pháp luật của nhà nước Việt Nam là luật hành chính, luật dân sự và luật hình sự Việt Nam. | ||
| 650 | |a Pháp luật |z Việt Nam |v Giáo trình; Hệ thống pháp luật |z Việt Nam |v Giáo trình; Việt Nam |x Luật và Pháp chế | ||
| 700 | |a Trường Đại học Kinh tế quốc dân | ||
| 856 | |u http://lrc.tdmu.edu.vn/opac/search/detail.asp?aID=2&ID=17663 | ||
| 980 | |a Trung tâm Học liệu Trường Đại học Thủ Dầu Một | ||